| 000 | 00954nam a22002777a 4500 | ||
|---|---|---|---|
| 001 | BR2024001942 | ||
| 003 | BR-BrBNA | ||
| 005 | 20240711155724.0 | ||
| 008 | 240711b bl.||||| |||| 00| 0 por d | ||
| 040 |
_aBR-BrBNA _bpor |
||
| 041 | _apor | ||
| 072 | _aE50 ; E11 ; E90 | ||
| 090 | _aE50 BR2024001942 | ||
| 110 |
_aMinistério do Desenvolvimento Agrário, Brasília, DF (Brasil). Núcleo de Estudos Agrários e Desenvolvimento Rural _97481 |
||
| 110 | _aAssociação Brasileira de Antropologia, Brasília, DF (Brasil) | ||
| 245 | _aPrêmio ABA/MDA territórios quilombolas | ||
| 260 |
_aBrasília, DF (Brasil) _c2006 |
||
| 300 |
_a116 p. _c21 x 28 cm |
||
| 500 | _aIncludes several bibliographies; 17 illus.; 1 table | ||
| 650 | _aDESINTRUSÃO (PROCESSO DE REGULARIZAÇÃO FUNDIÁRIA QUILOMBOLA) | ||
| 650 | _aTERRITÓRIO | ||
| 650 | _aESTRUTURA AGRÁRIA | ||
| 650 | _aSOCIOLOGIA RURAL | ||
| 909 |
_a202407 _bFernando |
||
| 942 | _cBK | ||
| 999 |
_c300492 _d300492 |
||